| 000 | 00406nam a22001337a 4500 | ||
|---|---|---|---|
| 003 | SGT | ||
| 082 |
_a617.643 _bE18G |
||
| 100 | _aSUGANDHA, GOEL | ||
| 245 | _aEVALUATION OF MORPHOMETRIC CHANGES IN ALVEOLAR BONE AND ROOTS OF ANTERIOR TEETH FOLLOWING ORTHODONTICS TREATMENT -3D STUDY | ||
| 260 |
_aDELHI NCR _bSGT UNIVERSITY GURUGRAM _c2018 |
||
| 300 | _a1-99 | ||
| 650 | _aORTHODONTICS | ||
| 942 |
_2ddc _cTH |
||
| 999 |
_c17435 _d17435 |
||